Prešovský básnik - konrektor Michal Semian (1775 - 1782)

Bibliographic Details
Main Author: Brtáň, Rudo, 1907-1998 (Author)
Format: Article
Language:Slovak
ISBN:8096795104
Subjects:

MARC

LEADER 00000nab a2200000 a 4500
001 vtls009467167
003 SK-MaSNL
005 20260304011140.0
008 090130c2005 xo r m 000 00slo
015 |a SNBRA2009/02SVKPO 
038 |a SVKPO 
040 |a SVKPOCL  |c slo  |e AACR2 
041 0 |a slo  |b ger 
044 |a xo  |c SK 
080 |a 373.5(437.671.117.176)(091):284.1:929  |2 2001 
080 |a 82:929:821.162.4-1  |2 2001 
080 |a 821.162.4-1-051  |2 2001 
080 |a 929 Semian, Michal  |2 2001 
100 1 |a Brtáň, Rudo,  |d 1907-1998  |4 aut  |9 105140 
245 1 0 |a Prešovský básnik - konrektor Michal Semian (1775 - 1782)  |c Rudolf Brtáň 
504 |a Bibliogr. odkazy 
546 |a Res. nem. 
600 1 7 |a Semian, Michal,  |d 1741-1812  |2 svkpocl  |9 119257 
610 2 7 |a Evanjelické kolégium v Prešove  |2 SNKKA  |9 231684 
650 0 7 |a slovenská poézia  |2 svkpocl  |9 215422 
650 0 7 |a slovenskí básnici  |2 svkpocl  |9 67856 
650 0 7 |a dejiny  |2 SNKPH  |9 3825 
651 7 |a Prešov (Slovensko)  |2 snkbucl  |9 17347 
773 0 |t Prešovské evanjelické kolégium, jeho miesto a význam v kultúrnych dejinách strednej Európy  |d Prešov : Biskupský úrad Východného dištriktu Evanjelickej cirkvi a. v. na Slovensku, 1997  |g S. 147-153  |z 8096795104 
852 |a SVKPO  |b KIS3GCP 
958 |a SK 
958 |a NB 
958 |a LX 
958 |a BX 
999 |c 2564921  |d 2566851